000 01543nam0a2200277 4500
001 RU\NLR\BIBL_A\010449146
005 20250614053745.0
035 _a(NLR Aleph) 010449146
090 _a9920003
_c9920003
100 _a20140806d1961 |||y0rusy50 ca
101 0 _asah
102 _aRU
105 _aa||||||||||||
200 1 _aСаха сиригэр сүѳһү аhылыга буолар культуралар бастыҥ суортара
_fН. П. Болотова, В. Д. Иванова, Е. А. Солодовникова
_gСаха АССР Тыатын хаhаайыстыбатын мин-вота. ССРС Тыатын хаhаайыстыбатын иhинээҕи тыа хаhаайыстыбаннай культуралар суортарын боруобалыыр госкомиссия инспектурата
210 _aЯкутскай
_cСаха сиринээҕи кинигэ изд-вота
_d1961
215 _a42,[1] с.
_cил.
_d20
541 1 _aЛучшие сорта кормовых культур для Якутской АССР
_zrus
606 1 _aКормопроизводство
_9957897
_3RU\NLR\AUTH\6638340
686 1 _aП22
700 1 _aБолотова
_bН.П.
_gНадежда Петровна
_4070
701 1 _aИванова
_bВ.Д.
_gВалентина Дмитриевна
_4070
701 1 _aСолодовникова
_bЕ.А.
_gЕлизавета Александровна
_4070
852 _aNLR
_bОНЛ
_jЯкут./2-1302
942 _cBOOK
980 _aNB